Los sentidos
Gespeichert in:
| 1. Verfasser: | |
|---|---|
| Format: | Buch |
| Sprache: | Spanisch |
| Veröffentlicht: |
Ciudad de México
Fondo de Cultura Económica
1969
|
| Schriftenreihe: | Breviarios del Fondo de Cultura Económica, 203
|
| Schlagworte: | |
| Tags: |
Tag hinzufügen
Keine Tags, Fügen Sie den ersten Tag hinzu!
|
MARC
| LEADER | 00000nam a2200000 a 4500 | ||
|---|---|---|---|
| 001 | UCW5049 | ||
| 003 | CL-VaPUC | ||
| 008 | 901122e19690000MX |||||||||||||||||spa|d | ||
| 082 | 0 | 4 | |a 573.87 |b LOW |2 21 |
| 100 | |a Lowenstein, Otto E. |e autor |9 309867 | ||
| 245 | 1 | 4 | |a Los sentidos |
| 300 | |a 229 p | ||
| 942 | |c BK | ||
| 945 | |d 19901122 00:00:00 | ||
| 260 | |a Ciudad de México |b Fondo de Cultura Económica |c 1969 | ||
| 650 | 0 | |a Sentidos |9 266023 | |
| 650 | 7 | |a ORGANOS DE LOS SENTIDOS |2 CL-VaPUC |9 266024 | |
| 583 | |a last modification |c 19901122 00:00:00 |k Rodrigo Vera | ||
| 490 | 0 | |a Breviarios del Fondo de Cultura Económica, 203 | |
| 999 | |c 218565 |d 218563 | ||
| 952 | |0 0 |1 0 |4 0 |6 573_870000000000000_LOW_1969 |7 0 |8 P |9 208304 |a BIBEDU |b BIBEDU |c BIBEDU_PB |d 2019-11-15 |i 2762455 |o 573.87 LOW 1969 |p 2762455 |r 2024-01-25 |w 2019-11-15 |y BK |k EDU | ||